Hombre y Dios al encuentro

Guardado en:
書目詳細資料
主要作者: Colomer, Eusebi
格式: 圖書
語言:Undetermined
出版: Barcelona, España Herder 1974
主題:
標簽: 添加標簽
沒有標簽, 成為第一個標記此記錄!

MARC

LEADER 00000nam a2200000Ia 4500
008 170316s9999 xx 000 0 und d
090 |a 230 C-3h 
100 |a Colomer, Eusebi 
245 |a Hombre y Dios al encuentro 
260 |a Barcelona, España 
260 |b Herder 
260 |c 1974 
300 |a 477 páginas 
650 |a TEOLOGÍA 
999 |c 17992  |d 17992 
040 |a cru BVZT 
942 |c 15 D  |h 230 C-3h  |2 z